000 00672nam a22001577a 4500
003 OSt
005 20150912144347.0
008 150912b xxu||||| |||| 00| 0 eng d
040 _cRUA
082 _aAGR ជូ 1996 B015 Or.1
100 _9333
_aជូ ជ័យធិរិទ្ធ
245 _aឥទ្ធិពលនៃពូជស្រូវ និង​ អាយុសំណាបនៅលើការស៊ីបំផ្លាញរបស់ខ្យងព៌ណមាស ( feeding damage by golden apple snails on different rice varieties and at different ages of seedling)
260 _aPhnom Penh
_bRUA
_c1996
300 _a52p.
_bill.
_c29cm.
942 _2ddc
_cAGR
999 _c312
_d312